| 000 | 00000nam 2200000zi 4500 |
| 001 | 9.939812 |
| 003 | CaOODSP |
| 005 | 20241126132310 |
| 006 | m o d f |
| 007 | cr mn||||||||| |
| 008 | 240625e19921116onc or f001 0 eng d |
| 040 | |aCaOODSP|beng|erda|cCaOODSP |
| 043 | |an-cn--- |
| 086 | 1 |aCo22-772/1992E-PDF |
| 245 | 00|aPilot project in management of government information holdings conducted in DGCP and DPR / |cprepared by DGAT and DGIM in cooperation with DGCP and DPR. |
| 246 | 14|aInformation resources inventory catalogue |
| 264 | 1|a[Ottawa] : |bCommunications Canada, |cNovember 16, 1992. |
| 300 | |a1 online resource (37 unnumbered pages, 60 pages, 1 unnumbered page) |
| 336 | |atext|btxt|2rdacontent |
| 337 | |acomputer|bc|2rdamedia |
| 338 | |aonline resource|bcr|2rdacarrier |
| 500 | |aIssued also in French under title: Projet pilote de gestion des renseignements détenus par le gouvernement à la DGCP et DPR. |
| 500 | |aIncludes indexes. |
| 500 | |aDigitized edition from print [produced by Innovation, Science and Economic Development Canada]. |
| 650 | 0|aAdministrative agencies|zCanada|xInformation services|vDirectories. |
| 650 | 0|aGovernment information|zCanada|xManagement|vDirectories. |
| 650 | 0|aPublic records|zCanada|xManagement|vDirectories. |
| 655 | 7|aDirectories|2lcgft |
| 710 | 1 |aCanada. |bCommunications Canada, |eissuing body. |
| 775 | 08|tProjet pilote de gestion des renseignements détenus par le gouvernement à la DGCP et DPR / |w(CaOODSP)9.945576 |
| 856 | 40|qPDF|s1.77 MB|uhttps://publications.gc.ca/collections/collection_2024/isde-ised/co22/Co22-772-1992-eng.pdf |